Minecraft : Liste de toutes les potions - Statistiques

Statistiques générales
  • Ce quiz a été pris 514 fois
  • Le résultat moyen est 10 sur 18
Statistiques - réponses
Potions % Correct
Strength / Force
84%
Poison / Poison
81%
Leaping / Saut
71%
Swiftness / Rapidité
71%
Fire Resistance / Résistance au feu
70%
Healing / Soin
70%
Night Vision / Vision Nocturne
68%
Regeneration / Régénération
68%
Slowness / Lenteur
67%
Harming / Dégâts
64%
Weakness / Faiblesse
64%
Invisibility / Invisibilité
54%
Water Breathing / Respiration Aquatique
44%
Slow Falling / Chute Lente
33%
Turtle Master / Maître Tortue
31%
Awkward / Etrange
17%
Mundane / Banale
6%
Thick / Epaisse
4%
Aucun quiz correspondant
Distribution des résultats
% des personnes avec chaque résultat
Percentile par nombre de réponses
Votre historique - résultats
Vous n’avez pas pris ce quiz